000 00332pab a2200145 454500
008 180718b1984 xxu||||| |||| 00| 0 eng d
100 _aPadaki, Rupande
245 _aPerformance review and counselling
260 _c1984
300 _a3-9
362 _aMar.
650 _aCounselling
773 _aIndia Management
909 _a6814
999 _c6814
_d6814